Telekomunikačné siete

Bibliographic Details
Main Author: Blunár, Karol, 1936- (Author)
Format: Book
Language:Slovak
PhysicalDescription:340 s., 23,41 AH, 24,03 VH Sch., tab., zoz. použ. skr. a ich význam, lit. 90 zázn. v angl., češ. a nem. 29 cm
Published: Žilina Vysoká škola dopravy a spojov 1993
ISBN:8071001716
Edition:1. vyd.
Subjects:

MARC

LEADER 00000nam a2200000 a 4500
001 vtls001073910
003 SK-MaSNL
005 20260301053037.0
008 240318s1993 xo slo
015 |a SNBA1994/01 
020 |a 8071001716  |c (100 výt.) 
035 |a SNK000016742 
035 |a urn:nbn:sk:snk-amlnot 
035 |a urn:nbn:sk:snk-am00bwp2 
035 |a 0BF99FE9-045F-4F00-852D-04C990C9EE1D 
040 |a SNK  |b slo  |c SNK  |e AACR2 
041 0 |a slo 
044 |a xo  |c SK 
080 |a 654.02(075.8)  |2 1981 
100 1 |a Blunár, Karol,  |d 1936-  |4 aut  |9 117576 
245 1 0 |a Telekomunikačné siete  |c Karol Blunár 
250 |a 1. vyd. 
260 |a Žilina  |b Vysoká škola dopravy a spojov  |c 1993  |e Žilina  |f Edičné stredisko VŠDS 
300 |a 340 s., 23,41 AH, 24,03 VH  |b Sch., tab., zoz. použ. skr. a ich význam, lit. 90 zázn. v angl., češ. a nem.  |c 29 cm 
500 |a Schválil rektor VŠDS v Žiline ako skriptá 
650 0 7 |a telekomunikačné siete  |2 SNK  |9 702 
655 7 |a učebnice vysokých škôl  |2 SNKPH  |9 70191 
919 |a 80-7100-171-6 
999 |c 607299  |d 609229 
952 |t P60, <04>, [BOOK], {604}  |a SNK  |b SNK  |y VYP  |7 0  |p 17A0024921  |o snkSB 52012 D1  |0 0  |1 0  |4 0  |d 1996-12-05  |l 0  |r 2004-12-31 00:00:00  |w 2026-02-23 
952 |a SNK  |b SNK  |y PREZ  |7 0  |p 17A0904935  |o snkSB 52012   |0 0  |1 0  |4 0  |d 2012-07-17  |f 1  |l 0  |r 2025-03-14 00:00:00  |w 2026-02-23